Očakávané porušenie (ohrozenie) obchodnej zmluvy

Od zmluvy môže zmluvná strana odstúpiť iba v prípadoch a za podmienok, ktoré ustanovuje zmkuva, Obchodný zákonník alebo iný zákon. V obchodnej praxi sa vyskytujú prípady, keď po uzavretí zmluvy, ale ešte pred dohodnutým časom plnenia, veriteľ zistí, že dlžník nesplní svoj záväzok. Právne prostriedky...

Celý popis

Uložené v:
Podrobná bibliografia
Hlavný autor: Hrivnák, Jaroslav
Médium: Kapitola
Jazyk:Slovak
Predmet:
Tagy: Pridať tag
Žiadne tagy, Buďte prvý, kto otaguje tento záznam!

MARC

LEADER 00000naa a2200000 4500
001 r044409
005 20230728100000.7
041 0 |a slo 
044 |a SK 
245 1 0 |a Očakávané porušenie (ohrozenie) obchodnej zmluvy  |c Jaroslav Hrivnák 
520 |a Od zmluvy môže zmluvná strana odstúpiť iba v prípadoch a za podmienok, ktoré ustanovuje zmkuva, Obchodný zákonník alebo iný zákon. V obchodnej praxi sa vyskytujú prípady, keď po uzavretí zmluvy, ale ešte pred dohodnutým časom plnenia, veriteľ zistí, že dlžník nesplní svoj záväzok. Právne prostriedky, ktoré majú veritelia k dispozícii na ochranu svojich záujmov v prípade očakávaného nesplnenia. 
610 2 0 |a zmluvy obchodné 
610 2 0 |a záväzky 
610 2 0 |a dlžníci 
610 2 0 |a veritelia 
610 2 0 |a zákonník obchodný 
100 1 |a Hrivnák, Jaroslav